000 00283nam a2200121 a 4500
008 101209s1970|||| d
100 1 _aJohansen, Rudolf Broby
245 1 0 _aUmenie okolo nás
260 _bObzor
_aBratislava
_c1970
020 _c55
044 _axo
_cSK
041 _aslo
999 _c14986
_d14986